[Event "Khanty-Mansiysk (ol)"]
[Site "?"]
[Date "2010.09.22"]
[Round "2"]
[White "Gomez, John Paul"]
[Black "Salgado Lopez, Ivan"]
[Result "0-1"]
[WhiteElo "2527"]
[BlackElo "2595"]
[Annotator "Estremera,S"]
[PlyCount "44"]
[EventDate "2010.??.??"]

1. d4 d5 2. c4 c6 3. Nf3 Nf6 4. e3 g6 {Salgado ha demostrado ser muy versátil,
lo que dificulta enormemente la preparación de sus rivales.} 5. Nc3 Bg7 6. Be2
O-O 7. O-O Be6 $5 8. b3 {La continuación estándar} ({Contra} 8. cxd5 {ofrece
buenas posibilidades de igualar la partida la jugada de Smyslov} Bxd5 $1 {un
ejemplo clasico continuó} 9. Qc2 Bxf3 10. Bxf3 Nbd7 11. Rd1 Qc7 12. e4 e5 13.
d5 Rac8 14. dxc6 Qxc6 15. Bg5 h6 16. Be3 Nb6 17. Qb3 Nc4 18. Nd5 Nxd5 19. exd5
Qd7 20. Bxa7 b5 21. Be3 f5 {Con sobrada compensación por el peón. Recomendamos
encarecidamente al lector el estudio de esta partida del séptimo campeón del
mundo.  Larsen,B-Smyslov,V Bugojno 1984}) 8... Ne4 $5 {Muy interesante, pero
no lo más habitual} ({Nuestro guía en este territorio, Vassily Smyslov, golpeó
el centro con} 8... c5 {y no experimentó dificultades para igualar la partida}
9. Bb2 Nc6 10. dxc5 dxc4 11. bxc4 Nd7 12. Qc1 Nxc5 13. Rd1 Bd7 14. Nd5 e6 15.
Bxg7 Kxg7 16. Qb2+ f6 17. Nf4 Qe7 18. Nd3 b6 19. Nxc5 bxc5 20. Nd2 Rfd8 21. Ne4
Rab8 22. Qc3 Be8 23. Rxd8 Nxd8 24. Qa5 Rc8 25. Rd1 Nf7 26. h3 f5 27. Qc3+ e5
28. Nd2 {Balashov,Y (2600)-Smyslov,V (2545) Moscú 1981}) 9. Nxe4 $6 {Las
blancas se internan en un insensato intento directo de refutación} (9. Bb2 Nd7
$5 10. Nxe4 ({si} 10. cxd5 Nxc3 11. Bxc3 Bxd5 {al estilo Smyslov}) 10... dxe4
11. Ng5 Bf5 12. g4 e5 {con juego parecido (pero no igual) a la partida}) 9...
dxe4 10. Ng5 Bf5 11. g4 e5 $1 {La clave del juego negro, Salgado demuestra
haber estudiado muy bien esta línea.} 12. Nxf7 $2 {esto conduce a la
catástrofe pero... ?Qué hacer?} ({Los módulos recomiendan} 12. h4 exd4 $1 13.
gxf5 d3 14. Ba3 dxe2 15. Qxe2 Re8 16. fxg6 hxg6 {puede que tengan razón, lo
más seguro, pero esta línea no hace sino confirmar que las blancas han perdido
hace tiempo el control de posición}) 12... Rxf7 13. gxf5 exd4 14. fxg6 hxg6 15.
exd4 c5 $1 16. Bg4 Nc6 {Salgado juega con gran energía, con el sacrificio de
calidad coordina todas sus fuerzas contra el rey en un abrir y cerrar de ojos.}
17. Be6 Qh4 18. Bxf7+ $2 {allanando el camino a la última pieza negra que falta
} ({El mejor intento defensivo es} 18. Rb1 {y aquí las negras tienen} Re8 $1 {
muy fuerte pero difícil en la práctica} ({la normal} 18... Nxd4 19. Bxf7+ Kxf7
20. f3 {da ciertas oscuras posibilidades de complicar a las blancas}) 19. Bxf7+
Kxf7 20. f3 e3 $1 {la clave de la idea, las negras deben ganar}) 18... Kxf7 19.
f3 Bxd4+ 20. Kh1 Rh8 $1 {!Aquí está la que faltaba!} (20... Bxa1 21. fxe4+ Kg7
22. Qd7+ {con pataleo (pero no más)}) 21. fxe4+ (21. Qe2 Bxa1 {no es un opción}
) 21... Ke8 22. Bf4 g5 {y las blancas abandonan} (22... g5 23. Bd6 Qxe4+ 24.
Rf3 (24. Qf3 Qxf3+ 25. Rxf3 Bxa1) 24... Ne5 25. Bxe5 Bxe5 26. Kg1 Rxh2) 0-1

[Event "Khanty-Mansiysk (ol)"]
[Site "?"]
[Date "2010.10.01"]
[Round "10"]
[White "Pantsulaia, Levan"]
[Black "Magem Badals, Jordi"]
[Result "0-1"]
[WhiteElo "2599"]
[BlackElo "2589"]
[Annotator "Estremera,S"]
[PlyCount "70"]
[EventDate "2010.??.??"]

1. Nf3 d5 2. g3 Nf6 3. Bg2 c6 4. c4 dxc4 5. O-O Nbd7 6. Na3 ({En la primera
ronda Jordi se enfrentó con éxito a} 6. Qc2 Nb6 7. a4 a5 8. Na3 Be6 9. Ng5 Bg4
10. Re1 h6 11. Nf3 Qd5 12. Nh4 Qe6 13. Bf1 g5 14. Ng2 Bf5 15. Qc3 Nxa4 16. Qxc4
Nb6 17. Qd4 Nbd7 18. e4 Bh3 19. Nc4 Bg7 20. Rxa5 O-O 21. Qe3 b5 22. Rxa8 Rxa8
23. Na3 Ng4 24. Qe2 Qb3 25. Ne3 Bxf1 26. Qxg4 Nf6 27. Qd1 Qxd1 28. Nxd1 Bd3 29.
f3 b4 30. Nf2 bxa3 31. bxa3 Bb5 32. d4 Nd7 33. Bb2 Nb6 {0-1 Oussedik,M (2222)
-Magem Badals,J (2589) Khanty-Mansiysk}) 6... Nb6 7. Qc2 Be6 8. Ne5 $6 ({La
alternativa es} 8. Ng5 Qd7 {y ahora es muy interesante la idea de Marin} 9. b3
$5 cxb3 10. axb3 Bg4 11. d3 e5 12. Nc4 Nxc4 13. bxc4 Bc5 14. Ra5 Qe7 15. Bb2
O-O 16. Nf3 Bxf3 17. Bxf3 Nd7 18. Rb1 {Con compensación por el peón y una
interesante lucha por delante. Marin,M (2556)-Dreev,A (2670) Reggio Emilia 2009
}) 8... Qd4 $1 ({En el derby caucasiano contra Armenia, Pantsulaia se anotó
una importante victoria tras} 8... g6 9. Naxc4 Nxc4 10. Nxc4 Bg7 11. b3 $14 {
Pantsulaia,L (2599)-Sargissian,G (2677) Khanty-Mansiysk 2010}) 9. Nxc6 bxc6 10.
Bxc6+ {El GM georgiano había jugado antes (sin éxito) este sacrificio, pero
repetirlo contra un Jordi Magem armado hasta los dientes resulta más que una
temeridad} Nfd7 $1 $146 ({más oscura es} 10... Kd8 {contra la que, queremos
creer, las blancas tenian preparada alguna mejora a} 11. Bxa8 Nxa8 12. d3 cxd3
13. Rd1 dxc2 14. Rxd4+ Bd7 15. Nc4 e6 16. Ne5 Ke8 17. Nxd7 Nxd7 18. Ra4 Bc5 19.
Be3 Bxe3 20. fxe3 Ke7 21. Rxa7 Rc8 22. Rc1 Nab6 {Pantsulaia,L (2617)-Colovic,A
(2477) Creta 2007  0-1 (35)}) 11. Nb5 {Novedad que Magem enfrenta con maestría}
({en una antigua partida por correspondencia ocurrió} 11. Bxa8 Nxa8 12. d3 Bh3
13. Rd1 Qd5 14. e4 Qh5 15. Nxc4 e5 {las negras optuvieron buena posición})
11... Qe5 12. d4 cxd3 13. Qxd3 (13. exd3 Rc8 14. Nxa7 Rxc6 15. Nxc6 Qd5 {es
satisfactorio para las negras}) 13... Rc8 14. Nxa7 Rxc6 15. Nxc6 Qc5 16. Nd4
Bc4 17. Qd1 e5 18. Nf5 g6 19. Ne3 Ba6 {Después de una secuencia más o menos
forzada, la posición sólo puede gustar a las negras, que con su poderoso alfil
de casillas blancas, pueden crear peligrosas amenazas sobre el rey blanco} 20.
a4 Nf6 21. b3 Qc6 $1 22. Qc2 $2 {la jugada perdedora, la dama en c2 se
convierte en una debilidad táctica, Magem moviliza ahoras sus fuerzas con
sorprendente rapidez} Bc5 $1 {amenazando la mortal Bb7} 23. h3 h5 $3 {sin duda
este ataque escapó a los claculos de las blancas cuando jugaron 22.Qc2} 24. Kh2
$2 {Pantsulaia se despeña definitivamente} Ng4+ $1 {primer mazazo} 25. Nxg4
hxg4 26. h4 Rxh4+ $1 {segundo} 27. gxh4 g3+ {y la puntilla, las blancas
pierden la dama.} 28. fxg3 Bg1+ 29. Kxg1 Qxc2 30. Bg5 Bxe2 31. Rf2 Qd3 32. Rc1
f6 33. Bh6 g5 34. Kg2 Qe4+ 35. Kh2 Qe3 {Una bonita partida} 0-1

[Event "Khanty-Mansiysk (ol)"]
[Site "?"]
[Date "2010.10.03"]
[Round "11"]
[White "Svidler, Peter"]
[Black "Salgado Lopez, Ivan"]
[Result "0-1"]
[WhiteElo "2731"]
[BlackElo "2595"]
[Annotator "Estremera,S"]
[PlyCount "72"]
[EventDate "2010.??.??"]
[WhiteTeam "RU1"]
[BlackTeam "Spain"]
[BlackTeamCountry "ESP"]

1. e4 d6 2. d4 Nf6 3. Nc3 e5 {La defensa Philidor, no habrá sorprendido a
Svidler: Salgado la empleó también contra Michele Godena en el match contra
Italia.} (3... Nbd7 4. Nf3 e5 5. Bc4 Be7 6. O-O O-O 7. Re1 c6 8. a4 b6 9. b3 a6
10. Bb2 Bb7 11. Bd3 Re8 12. Nb1 Bf8 13. Nbd2 Qc7 14. c3 Rad8 15. Qc2 g6 16.
Rad1 Qb8 17. Bf1 Qa8 18. h3 Be7 19. Qb1 exd4 20. cxd4 d5 21. e5 Nh5 22. e6 fxe6
23. Rxe6 Ng7 24. Ree1 Bb4 25. Qc1 Rxe1 26. Nxe1 Re8 27. Nd3 Bf8 28. a5 bxa5 29.
Qc3 Qd8 30. Ra1 Ne6 {1/2-1/2 Godena,M (2551)-Salgado Lopez,I (2595)/
Khanty-Mansiysk 2010}) 4. Nge2 Nbd7 5. g3 Be7 6. Bg2 c6 7. a4 b6 8. O-O a6 {
Salgado adopta el mismo esquema que contra Godena} 9. h3 h5 $1 ({sin} 9... Bb7
10. g4 O-O 11. Ng3) 10. Be3 Bb7 11. Nc1 {novedad de Svidler} ({Contra la
directa} 11. f4 O-O 12. Qd2 b5 13. Nd1 Re8 14. c3 Nb6 {Las negras quedaron
bien en la partida Payen,A -Kazhgaleyev,M (2626) Francia 2009}) 11... O-O 12.
Nd3 Qc7 13. f4 b5 14. Nf2 {El caballo parecía estar bien en d3 desde donde
controla b4 y presiona e5} ({pero las negras tienen suficiente juego después
de,  por ejemplo} 14. Qd2 exd4 15. Bxd4 c5 $1 16. Bxf6 Bxf6 17. axb5 Bxc3 18.
Qxc3 axb5 $132) 14... Rfe8 15. g4 hxg4 16. hxg4 b4 17. Ne2 exd4 18. Qxd4 ({si} 
18. Nxd4 $6 c5 19. Nf5 Bf8 {la presión sobre e4 fuerza a retroceder con el
caballo} 20. Ng3 {y ahora} Nxe4 $1 (20... d5 21. e5 d4 {también está bien}) 21.
Ngxe4 d5) 18... c5 19. Qd3 d5 $1 {las negras han ganado la batalla estratégica
y se hacen con la iniciativa} 20. e5 Ne4 21. Nxe4 dxe4 22. Qd1 (22. Bxe4 $2 c4
23. Bh7+ Kh8 24. Qf5 Qc6 {da escalofrios}) 22... Rad8 23. Qc1 f6 $1 {con gran
energía} ({también es muy buena la sencilla} 23... Nb6) 24. e6 Nb6 25. f5 Nd5
26. Nf4 c4 27. Nxd5 Rxd5 28. Bf4 Qb6+ $1 29. Kh2 $2 {la jugada perdedora} ({un
intento de defender la debilitada posición del rey es} 29. Be3 Bc5 30. Re1 {
pero aquí es muy fuerte} b3 $1 {buscando despejar la casilla d3 para la torre})
29... g5 $3 {un ataque que recuerda (con un poco de imaginación) al de la
partida contra el filipino Gómez comentada en esta reseña.} 30. fxg6 (30. Bg3
Kg7 $1 {y la torre asesina decide}) 30... Qxe6 31. Kg3 Rg5 $3 {rematando
brillantemente la partida} 32. Bxg5 fxg5 33. Rf5 Bd6+ 34. Kf2 e3+ 35. Kg1 Bxg2
36. Kxg2 Qe4+ {y Svidler abandona. Y como en Novi Sad 2009,  Iván Salgado
obtiene la victoria en la última ronda contra Rusia, una hazaña a la que se
está acostumbrando.} 0-1